Hiding in the Shadows (Record no. 5630)

MARC details
000 -LEADER
fixed length control field 00694nam a22002297u 4500
001 - CONTROL NUMBER
control field 5929
003 - CONTROL NUMBER IDENTIFIER
control field OSt
005 - DATE AND TIME OF LATEST TRANSACTION
control field 20170825104309.0
007 - PHYSICAL DESCRIPTION FIXED FIELD--GENERAL INFORMATION
fixed length control field tu
008 - FIXED-LENGTH DATA ELEMENTS--GENERAL INFORMATION
fixed length control field 161220s2002 xxu||||| |||| 00| 0 d
024 7# - OTHER STANDARD IDENTIFIER
Standard number or code 5929
Source of number or code RID
024 7# - OTHER STANDARD IDENTIFIER
Standard number or code 5929
Source of number or code RSN (alt)
040 ## - CATALOGING SOURCE
Transcribing agency OSt
100 1# - MAIN ENTRY--PERSONAL NAME
Personal name Schneider, Friedrich
245 00 - TITLE STATEMENT
Title Hiding in the Shadows
Remainder of title The Growth of the Underground Economy
260 ## - PUBLICATION, DISTRIBUTION, ETC.
Place of publication, distribution, etc. Washington, D.C. :
Name of publisher, distributor, etc. International Monetary Fund,
Date of publication, distribution, etc. 2002.
490 0# - SERIES STATEMENT
Series statement Economic Issues
Volume/sequential designation 30
International Standard Serial Number 1020-5098
700 1# - ADDED ENTRY--PERSONAL NAME
Personal name Enste, Dominik
710 2# - ADDED ENTRY--CORPORATE NAME
Corporate name or jurisdiction name as entry element International Monetary Fund (IMF)
942 ## - ADDED ENTRY ELEMENTS (KOHA)
Koha item type Paper
Holdings
Withdrawn status Lost status Damaged status Not for loan Home library Current library Shelving location Date acquired Inventory number Total Checkouts Barcode Date last seen Price effective from Koha item type
        WIIW WIIW Library 08/04/2004 5929   10001380 01/26/2017 01/26/2017 Paper
The Vienna Instiute for International Economic Studies (wiiw)